[Event "Sivakasi Mahalingam Cup"]
[Site "Sivakasi"]
[Date "2023.07.24"]
[Round "8"]
[White "Ratnakaran, K."]
[Black "Aakash, G2222"]
[Result "1/2-1/2"]
[WhiteElo "2237"]
[BlackElo "1784"]
[PlyCount "110"]
[EventDate "2023.07.21"]
[EventType "swiss"]
[EventRounds "9"]
[EventCountry "IND"]
[SourceTitle "EXT 2024"]
[Source "ChessBase"]
[SourceDate "2023.10.10"]
[SourceVersion "1"]
[SourceVersionDate "2023.10.10"]
[SourceQuality "1"]

1. e4 e6 2. d3 d5 3. Nd2 c5 4. g3 Bd6 5. Bg2 Ne7 6. Ngf3 Nbc6 7. 0-0 0-0 8. h4 f5 9. Re1 f4 10. e5 Bc7 11. c3 fxg3 12. fxg3 d4 13. Nc4 b5 14. Na3 Rb8 15. c4 a6 16. h5 Nf5 17. Bf4 Ne3 18. Qe2 Nxg2 19. Qxg2 Qe8 20. h6 g6 21. cxb5 axb5 22. Rac1 Nb4 23. Rxc5 Bb6 24. Rxc8 Rxc8 25. Ng5 Qc6 26. Qd2 Nd5 27. Ne4 Kh8 28. Nd6 Nxf4 29. gxf4 Qf3 30. Qg2 Qxf4 31. Nxc8 Ba5 32. Rf1 Qe3+ 33. Kh1 Qxh6+ 34. Kg1 Rxc8 35. Qb7 Rg8 36. Nxb5 Qg5+ 37. Kh1 Qh5+ 38. Kg2 Qg4+ 39. Kh2 Qe2+ 40. Kg1 Bd2 41. Rf7 Qg4+ 42. Kf1 Qh3+ 43. Ke2 Qh2+ 44. Kf1 Bf4 45. Nd6 Qh3+ 46. Kf2 Qg3+ 47. Kf1 Qxd3+ 48. Kf2 Qg3+ 49. Kf1 Qd3+ 50. Kf2 Be3+ 51. Kg2 Qe2+ 52. Kg3 Bf2+ 53. Rxf2 Qxe5+ 54. Kh3 Qh5+ 55. Kg2 Qg4+ 1/2-1/2

[Event "Sivakasi Mahalingam Cup"]
[Site "Sivakasi"]
[Date "2023.07.21"]
[Round "2"]
[White "Ratnakaran, K."]
[Black "Pranavasri, S."]
[Result "1-0"]
[WhiteElo "2237"]
[BlackElo "1447"]
[PlyCount "77"]
[EventDate "2023.07.21"]
[EventType "swiss"]
[EventRounds "9"]
[EventCountry "IND"]
[SourceTitle "EXT 2024"]
[Source "ChessBase"]
[SourceDate "2023.10.10"]
[SourceVersion "1"]
[SourceVersionDate "2023.10.10"]
[SourceQuality "1"]

1. e4 d6 2. d4 Nf6 3. Nc3 Nbd7 4. Nf3 e5 5. Bc4 Be7 6. 0-0 h6 7. a4 a5 8. Re1 c6 9. h3 Qc7 10. Ba2 Nf8 11. Be3 Be6 12. Bb1 g5 13. d5 Bd7 14. dxc6 bxc6 15. Nh2 Ng6 16. Ba2 Qc8 17. Bc4 g4 18. hxg4 Nxg4 19. Nxg4 Bxg4 20. Be2 h5 21. Bxg4 hxg4 22. Ne2 Nh4 23. Ng3 Qe6 24. Ra3 Rb8 25. Rc3 Rc8 26. Qd3 Nf3+ 27. gxf3 gxf3 28. Bc1 Bh4 29. Qxf3 Bxg3 30. fxg3 Qh3 31. Re2 f6 32. Rf2 Rc7 33. Rb3 Rc8 34. Rb7 Rg8 35. Rg2 Rh8 36. Qxf6 Qh1+ 37. Kf2 Rh7 38. Qe6+ Kd8 39. Qg8# 1-0

[Event "Indore op 1st"]
[Site "Indore"]
[Date "2023.04.06"]
[Round "8"]
[White "Ratnakaran, K."]
[Black "Padmini, Rout"]
[Result "0-1"]
[WhiteElo "2275"]
[BlackElo "2388"]
[PlyCount "68"]
[EventDate "2023.04.01"]
[EventType "swiss"]
[EventRounds "10"]
[EventCountry "IND"]
[SourceTitle "CBM 213 Extra"]
[Source "ChessBase"]
[SourceDate "2023.05.31"]
[SourceVersion "1"]
[SourceVersionDate "2023.05.31"]
[SourceQuality "1"]

1. e4 c5 2. Nf3 Nc6 3. d4 cxd4 4. Nxd4 e6 5. Nc3 Qc7 6. Be3 a6 7. Be2 Nf6 8. 0-0 Be7 9. a4 d6 10. g4 d5 11. g5 Nxe4 12. Nxe4 dxe4 13. Nxc6 Qxc6 14. Qd4 0-0 15. Rfd1 f6 16. gxf6 Bxf6 17. Qb4 Bd7 18. Bg4 Be5 19. Qc5 Bf4 20. Qe7 Bxe3 21. fxe3 Rf7 22. Qb4 Raf8 23. Rd6 Qxc2 24. Rxd7 Qf2+ 25. Kh1 Rxd7 26. Bxe6+ Kh8 27. Bxd7 Qf3+ 28. Kg1 Qxe3+ 29. Kh1 Qf3+ 30. Kg1 Rf6 31. Qe1 Rg6+ 32. Qg3 Rxg3+ 33. hxg3 Qxg3+ 34. Kh1 e3 0-1

[Event "Hosur op 3rd"]
[Site "Hosur"]
[Date "2023.02.03"]
[Round "5"]
[White "Ratnakaran, K."]
[Black "Rohith, S2222"]
[Result "1-0"]
[WhiteElo "2290"]
[BlackElo "1738"]
[PlyCount "105"]
[EventDate "2023.02.01"]
[EventType "swiss"]
[EventRounds "9"]
[EventCountry "IND"]
[SourceTitle "CBM 212 Extra"]
[Source "ChessBase"]
[SourceDate "2023.03.31"]
[SourceVersion "1"]
[SourceVersionDate "2023.03.31"]
[SourceQuality "1"]

1. e4 c5 2. Nf3 d6 3. c3 Nf6 4. h3 e6 5. Bd3 Be7 6. Bc2 0-0 7. 0-0 Nc6 8. Re1 e5 9. d3 Re8 10. Nbd2 Bf8 11. Nf1 d5 12. exd5 Nxd5 13. Ng3 Nc7 14. d4 g6 15. Nxe5 Nxe5 16. dxe5 Qxd1 17. Rxd1 Bg7 18. f4 h5 19. Be3 b6 20. Be4 Rb8 21. Bc6 Rf8 22. Ne4 Bf5 23. a4 a5 24. Rd2 Kh8 25. Rad1 Kg8 26. Kh2 h4 27. Rf1 Kh8 28. Bf2 Rbd8 29. Nd6 Ne6 30. Bxh4 g5 31. Be1 Bh7 32. g3 gxf4 33. gxf4 Bh6 34. Bg3 Bg6 35. Rdf2 Bd3 36. Rd1 c4 37. f5 Nc5 38. Bh4 Rb8 39. Bd5 Be3 40. Rf3 Be2 41. Rxe3 Bxd1 42. Nxf7+ Kh7 43. e6 Bh5 44. Bxc4 Nxa4 45. Nd6 Nxb2 46. e7 Rh8 47. Ba2 Nd1 48. Rd3 Nb2 49. Rd4 b5 50. Bf6 Rhg8 51. Rh4 Kh6 52. Nf7+ Kh7 53. Rxh5# 1-0

[Event "Hosur op 3rd"]
[Site "Hosur"]
[Date "2023.02.01"]
[Round "1"]
[White "Ratnakaran, K."]
[Black "Krupha, S Ukkali"]
[Result "1-0"]
[WhiteElo "2290"]
[BlackElo "1258"]
[PlyCount "109"]
[EventDate "2023.02.01"]
[EventType "swiss"]
[EventRounds "9"]
[EventCountry "IND"]
[SourceTitle "CBM 212 Extra"]
[Source "ChessBase"]
[SourceDate "2023.03.31"]
[SourceVersion "1"]
[SourceVersionDate "2023.03.31"]
[SourceQuality "1"]

1. e4 c5 2. Nf3 a6 3. c4 e6 4. Nc3 Qc7 5. d4 cxd4 6. Nxd4 b6 7. Bd3 Bb7 8. 0-0 d6 9. f4 Nd7 10. f5 e5 11. Nf3 Ngf6 12. Qe1 Rc8 13. a4 Nc5 14. Bc2 Be7 15. b4 Ncd7 16. Bd3 0-0 17. Bd2 Rfd8 18. Kh1 Nb8 19. Rb1 Nc6 20. Nd5 Nxd5 21. exd5 Nb8 22. f6 Bxf6 23. Ng5 Bxg5 24. Bxg5 Rf8 25. Qh4 g6 26. Be7 f5 27. Bxf8 Rxf8 28. Rfc1 Nd7 29. Qe7 Rf7 30. Qg5 e4 31. Be2 Ne5 32. Qe3 Kg7 33. Qd4 Kg8 34. Ra1 Qe7 35. Qxb6 f4 36. Qd4 f3 37. gxf3 exf3 38. Bf1 Qg5 39. Qg1 Qh5 40. Qg3 g5 41. Bh3 g4 42. Bf1 Kh8 43. Rd1 Ng6 44. Rd4 Ne5 45. Re1 Bc8 46. c5 f2 47. Re3 Qh6 48. cxd6 Nf3 49. Re8+ Kg7 50. Rxc8 Nxd4 51. d7 Rxd7 52. Qxg4+ Qg6 53. Qxd4+ Kh6 54. Qf4+ Kg7 55. Qf8# 1-0

[Event "Champions Challenge 219th"]
[Site "Playchess.com INT"]
[Date "2007.10.06"]
[Round "1.2"]
[White "Ratnakaran, K."]
[Black "Sumets, Andrey"]
[Result "1/2-1/2"]
[WhiteElo "2488"]
[BlackElo "2529"]
[PlyCount "210"]
[EventDate "2007.10.06"]
[EventType "k.o. (blitz)"]
[EventRounds "4"]
[EventCountry "GER"]
[SourceTitle "EXT 2010"]
[Source "ChessBase"]
[SourceDate "2010.11.25"]
[SourceVersion "1"]
[SourceVersionDate "2010.11.25"]
[SourceQuality "1"]

1. e4 e6 2. d3 d5 3. Nd2 Nf6 4. Ngf3 Nc6 5. g3 e5 6. Bg2 dxe4 7. dxe4 Bc5 8. 0-0 0-0 9. c3 a5 10. a4 b6 11. Nb3 Bd6 12. Nh4 h6 13. Nf5 Ne7 14. Nxd6 Qxd6 15. Qxd6 cxd6 16. Be3 Ng4 17. Bd2 Be6 18. Nc1 Bc4 19. Rd1 Rfd8 20. b3 Be6 21. c4 Rab8 22. h3 Nf6 23. Be3 Nc6 24. Ne2 Kf8 25. Rd2 Ke7 26. Rad1 Nb4 27. Nc3 Ne8 28. f4 f6 29. Nb5 Na6 30. g4 Nc5 31. Rb2 Bd7 32. Nc3 Bc6 33. Rf1 Nc7 34. f5 N7a6 35. h4 Nb4 36. Rfb1 Rg8 37. Kh2 g6 38. Bf3 h5 39. Nd5+ Bxd5 40. exd5 hxg4 41. Bxg4 gxf5 42. Bxf5 Rg7 43. h5 Rh8 44. h6 Nbd3 45. Rg2 Rxg2+ 46. Kxg2 Kf7 47. Kf3 e4+ 48. Kg4 Ne5+ 49. Kh5 Rg8 50. h7 Rh8 51. Rg1 Nf3 52. Rg8 Rxg8 53. Be6+ Nxe6 54. dxe6+ Kg7 55. hxg8Q+ Kxg8 56. Kg6 Kf8 57. Kxf6 Ne1 58. Kf5 Nc2 59. Bh6+ Ke8 60. Kxe4 Na1 61. Kd5 Nxb3 62. Kxd6 Nc5 63. Be3 Nxa4 64. Bd4 Kd8 65. Kc6 Ke7 66. Kb5 Nc5 67. Bxc5+ bxc5 68. Kxa5 Kxe6 69. Kb5 Kd6 70. Kb6 Kd7 71. Kxc5 Kc7 72. Kd5 Kd7 73. Kc5 Kc7 74. Kb5 Kb7 75. Ka4 Ka6 76. Kb3 Kb6 77. Kc3 Kc6 78. Kd4 Kd6 79. Kd3 Kc6 80. Kd2 Kc5 81. Kc3 Kc6 82. Kb4 Kb6 83. c5+ Kc6 84. Kc4 Kc7 85. Kb5 Kb7 86. Ka4 Kc6 87. Kb4 Kc7 88. Kb3 Kc6 89. Kc4 Kc7 90. Kc3 Kc6 91. Kd4 Kc7 92. Kd5 Kd7 93. c6+ Kc7 94. Kc5 Kc8 95. Kc4 Kc7 96. Kb5 Kc8 97. Kb4 Kc7 98. Kc5 Kc8 99. Kd4 Kc7 100. Kd5 Kc8 101. Kd6 Kd8 102. Ke6 Kc7 103. Kd5 Kc8 104. Kd6 Kd8 105. Kc5 Kc8 1/2-1/2

[Event "Champions Challenge 215th"]
[Site "Playchess.com INT"]
[Date "2007.09.08"]
[Round "2.1"]
[White "Rodshtein, Maxim"]
[Black "Ratnakaran, K."]
[Result "1-0"]
[WhiteElo "2615"]
[BlackElo "2488"]
[PlyCount "173"]
[EventDate "2007.09.08"]
[EventType "k.o. (blitz)"]
[EventRounds "4"]
[EventCountry "GER"]
[SourceTitle "EXT 2010"]
[Source "ChessBase"]
[SourceDate "2010.11.25"]
[SourceVersion "1"]
[SourceVersionDate "2010.11.25"]
[SourceQuality "1"]

1. d4 Nf6 2. c4 c5 3. d5 e6 4. Nc3 exd5 5. cxd5 d6 6. Nf3 g6 7. Nd2 Bg7 8. Nc4 a6 9. a4 0-0 10. g3 Re8 11. Bg2 Qc7 12. Bf4 Bf8 13. 0-0 Nbd7 14. e4 Rb8 15. a5 Nh5 16. Be3 f6 17. g4 Ng7 18. f4 b5 19. axb6 Nxb6 20. Na5 Bd7 21. h3 f5 22. gxf5 Nxf5 23. Bf2 Nd4 24. Bxd4 cxd4 25. Qxd4 Bg7 26. Qd3 Qc8 27. Kh2 Rf8 28. Nc6 Bxc6 29. dxc6 Qxc6 30. e5 Qd7 31. exd6 Rf6 32. Ne4 Rf5 33. Rxa6 Kh8 34. b4 h5 35. Nc5 Qf7 36. d7 Nxd7 37. Nxd7 Rd8 38. Ne5 Rxd3 39. Nxf7+ Rxf7 40. Rxg6 Rd4 41. b5 Rdxf4 42. Rxf4 Rxf4 43. b6 Rb4 44. Re6 h4 45. b7 Rb2 46. Kg1 Bd4+ 47. Kf1 Ba7 48. Re8+ Kg7 49. Ra8 Rf2+ 50. Kg1 Be3 51. b8Q Rf8+ 52. Kh1 Rxb8 53. Rxb8 Bf4 54. Rb7+ Kf6 55. Bf3 Bg3 56. Kg2 Kg5 57. Kf1 Kf4 58. Ke2 Kg5 59. Rg7+ Kf6 60. Rg4 Kf5 61. Be4+ Ke5 62. Ke3 Kf6 63. Rg6+ Ke5 64. Rg5+ Kf6 65. Rf5+ Ke6 66. Kf3 Ke7 67. Kg4 Ke6 68. Kg5 Ke7 69. Kg6 Ke6 70. Rg5 Bf2 71. Bf5+ Ke7 72. Rg4 Bg3 73. Re4+ Kd6 74. Kf6 Kd5 75. Re8 Kd6 76. Rd8+ Kc7 77. Rd7+ Kc6 78. Ke6 Kc5 79. Rd5+ Kc6 80. Be4 Kc7 81. Rc5+ Kb6 82. Kd5 Kb7 83. Kc4+ Kb6 84. Rc6+ Ka5 85. Bd3 Bf2 86. Kb3 Bb6 87. Rd6 1-0

[Event "Chhattisgarh Trophy"]
[Site "Raipur"]
[Date "2002.??.??"]
[Round "6"]
[White "Karavade, Eesha"]
[Black "Ratnakaran, K."]
[Result "0-1"]
[WhiteElo "2160"]
[BlackElo "2308"]
[PlyCount "76"]
[EventDate "2002.03.02"]
[EventType "swiss"]
[EventRounds "11"]
[EventCountry "IND"]
[SourceTitle "CBM 087 Extra"]
[Source "ChessBase"]
[SourceDate "2002.05.03"]
[SourceVersion "2"]
[SourceVersionDate "2002.08.09"]
[SourceQuality "1"]

1. e4 e6 2. d4 d5 3. e5 c5 4. c3 Nc6 5. Nf3 Qb6 6. a3 c4 7. Nbd2 Bd7 8. Be2 Nge7 9. 0-0 Ng6 10. Re1 Be7 11. Rb1 Qc7 12. b3 b5 13. b4 0-0 14. Bf1 f6 15. Qe2 fxe5 16. Nxe5 Ngxe5 17. dxe5 d4 18. cxd4 Nxd4 19. Qg4 Nc6 20. Nf3 Kh8 21. Bg5 Bxg5 22. Qxg5 Rf5 23. Qg3 Raf8 24. Rb2 Be8 25. Re4 Qd8 26. h4 Qd5 27. Rg4 Nxe5 28. Nxe5 Qxe5 29. Qxe5 Rxe5 30. a4 a6 31. axb5 axb5 32. Ra2 Bg6 33. Bxc4 bxc4 34. Rxc4 Re1+ 35. Kh2 Re4 36. Rxe4 Bxe4 37. Rb2 Rb8 38. f3 Bd5 0-1

[Event "Chhattisgarh Trophy"]
[Site "Raipur"]
[Date "2002.??.??"]
[Round "11"]
[White "Ratnakaran, K."]
[Black "Vijayalakshmi, Subbaraman"]
[Result "0-1"]
[WhiteElo "2308"]
[BlackElo "2399"]
[PlyCount "118"]
[EventDate "2002.03.02"]
[EventType "swiss"]
[EventRounds "11"]
[EventCountry "IND"]
[SourceTitle "CBM 087 Extra"]
[Source "ChessBase"]
[SourceDate "2002.05.03"]
[SourceVersion "2"]
[SourceVersionDate "2002.08.09"]
[SourceQuality "1"]

1. e4 e5 2. Nf3 Nc6 3. Bb5 a6 4. Ba4 Nf6 5. 0-0 Be7 6. Re1 b5 7. Bb3 d6 8. c3 0-0 9. h3 Nb8 10. d4 Nbd7 11. Nbd2 Bb7 12. Bc2 Re8 13. Nf1 Bf8 14. Ng3 g6 15. a4 Bg7 16. d5 Qb8 17. b3 c6 18. c4 Rc8 19. Be3 Qc7 20. Bd3 bxc4 21. bxc4 Nc5 22. Rb1 Nfd7 23. Bc2 a5 24. Qd2 Ba6 25. Bh6 Qd8 26. h4 Bxc4 27. h5 Bxh6 28. Qxh6 Qf8 29. Qd2 cxd5 30. exd5 Nf6 31. Qg5 Nxd5 32. hxg6 fxg6 33. Bxg6 hxg6 34. Qxg6+ Qg7 35. Qxg7+ Kxg7 36. Nf5+ Kf6 37. Nxd6 Nd3 38. Red1 Nc3 39. Nxc8 Nxd1 40. Nb6 Nc3 41. Nxa8 Nxb1 42. Nb6 Be6 43. Kf1 Nc3 44. Nd2 Nb2 45. Ke1 Ke7 46. Nf3 Kd6 47. Kd2 Ncxa4 48. Nxa4 Nxa4 49. Ne1 Nc5 50. f3 Bf5 51. g3 a4 52. Kc3 a3 53. f4 e4 54. Nc2 a2 55. Kb2 Be6 56. Ne3 Nd3+ 57. Ka1 Kc5 58. f5 Bb3 59. f6 Kd4 0-1

[Event "Chhattisgarh Trophy"]
[Site "Raipur"]
[Date "2002.??.??"]
[Round "8"]
[White "Sengupta, Deep"]
[Black "Ratnakaran, K."]
[Result "1-0"]
[WhiteElo "2292"]
[BlackElo "2308"]
[PlyCount "160"]
[EventDate "2002.03.02"]
[EventType "swiss"]
[EventRounds "11"]
[EventCountry "IND"]
[SourceTitle "CBM 087 Extra"]
[Source "ChessBase"]
[SourceDate "2002.05.03"]
[SourceVersion "2"]
[SourceVersionDate "2002.08.09"]
[SourceQuality "1"]

1. e4 e6 2. d4 d5 3. e5 c5 4. c3 Nc6 5. Be3 Nge7 6. Nf3 Nf5 7. Qd2 Qb6 8. dxc5 Bxc5 9. Bxc5 Qxc5 10. Bd3 Nfe7 11. 0-0 Ng6 12. Re1 0-0 13. h4 f5 14. h5 Nh8 15. Na3 Nf7 16. Nb5 Qe7 17. Nbd4 g5 18. hxg6 hxg6 19. b4 Bd7 20. g3 Kg7 21. Kg2 Rh8 22. Qe3 Rh5 23. Rh1 Nxd4 24. Qxd4 Rxh1 25. Rxh1 b6 26. g4 Rg8 27. Kf1 Kf8 28. Rh7 Rh8 29. Nh4 Qg5 30. Rxh8+ Nxh8 31. gxf5 gxf5 32. Nxf5 Ng6 33. Ne3 Nf4 34. Be2 Be8 35. Ke1 Bg6 36. Kd2 Be4 37. b5 Kf7 38. Qa4 Qe7 39. f3 Nxe2 40. Kxe2 Bf5 41. Qb4 Qxb4 42. cxb4 Kg6 43. f4 Be4 44. Kf2 Bd3 45. Kf3 d4 46. Ng4 Bxb5 47. Ke4 d3 48. Ke3 d2 49. Kxd2 Kf5 50. Nh6+ Kxf4 51. Nf7 Be8 52. Nd6 Bd7 53. Nf7 Ke4 54. Kc3 Kd5 55. a3 a6 56. Kb3 b5 57. Kc3 Ke4 58. Kb3 Kd4 59. Kb2 Bc6 60. Kb3 Bd5+ 61. Kb2 Be4 62. Kb3 Bf3 63. Kc2 Bh5 64. Nd6 Kxe5 65. Nb7 Bg6+ 66. Kc3 Kf4 67. Nc5 e5 68. Nxa6 e4 69. Nc7 e3 70. Nxb5 Be8 71. Nd4 Ke4 72. Kc4 Bh5 73. b5 e2 74. Nxe2 Bxe2+ 75. Kc5 Ke5 76. a4 Bf3 77. a5 Ke6 78. Kb6 Kd7 79. Ka7 Kc8 80. b6 Bb7 1-0